00363nam a2200157Ia 4500003000400000005001700004008004000021020001800061040000700079041000800086082001800094100001900112245002500131260003500156300001400191OSt20250718105122.0210210b2010 xxu||||| |||| 00| 0 eng d a9789380540801 cAL aeng a338.4791 VERD aRavindra Verma aDynamics of tourism  aNew DelhibCentrum Pressc2010 aviii,240p